书目信息 |
| 题名: |
国外气候灾害治理对中国生态文明建设的启示
|
|
| 作者: | 崔艳红 著 | |
| 分册: | ||
| 出版信息: | 北京 中国社会科学出版社 2021.2 |
|
| 页数: | 233页 | |
| 开本: | 24cm | |
| 丛书名: | ||
| 单 册: | ||
| 中图分类: | P429 | |
| 科图分类: | ||
| 主题词: | 气象灾害--灾害防治--经验--国外 | |
| 电子资源: | ||
| ISBN: | 978-7-5203-7409-5 | |
| 000 | 01924nam0 2200253 45 | |
| 001 | 012001002865 | |
| 005 | 20141010103539.0 | |
| 010 | @a978-7-5203-7409-5@dCNY89.00 | |
| 100 | @a20210203d2021 em y0chiy50 ea | |
| 101 | 0 | @achi |
| 102 | @aCN@b110000 | |
| 105 | @aak z 000yy | |
| 106 | @ar | |
| 200 | 1 | @a国外气候灾害治理对中国生态文明建设的启示@Aguo wai qi hou zai hai zhi li dui zhong guo sheng tai wen ming jian she de qi shi@b专著@dThe enlightenment of foreign climate disaster management to China's ecological civilization construction@f崔艳红著@zeng |
| 210 | @a北京@c中国社会科学出版社@d2021.2 | |
| 215 | @a233页@c图@d24cm | |
| 300 | @a并列题名:Enlightenment of foreign climate disaster management to China's ecological civilization construction | |
| 330 | @a本书从气候灾害治理和气候变化应对两方面来阐释国外治理气候灾害的经验对我国生态文明建设的启示。一方面纵览20世纪西方发达国家应对气候灾害理论和实践的发展历程,包括美国应对沙尘暴、英国(伦敦)和美国(洛杉矶)治理城市雾霾、新加坡应对城市内涝以及美国等国应对台风等,以期借鉴其正反两方面的经验和教训;同时分析了国外应对气候灾害的最新理念和措施,如城市雨洪管理、巨灾债券、能源立法、碳交易市场等。另一方面,从国际合作和国家治理两个层面研究国外气候变化治理的发展历程以及新动态和新举措,国际合作层面主要包括国际气候治理中联合国主导的历次气候大会情况、《京都议定书》和《巴黎协定》的影响以及各。各国家、各个利益集团之间的博弈;国家治理层面主要研究德国、美国等在气候变化治理和节能减排方面的有效措施。此书通过深入分析发达国家在气候灾害应对和气候变化治理方面的有益经验,包括其法律建设、政策措施和发展动态,以期推动我国气候灾害应对的发展与完善,有利于推动中国生态文明建设的不断发展。 | |
| 510 | 1 | @aEnlightenment of foreign climate disaster management to China's ecological civilization construction@zeng |
| 606 | 0 | @a气象灾害@x灾害防治@x经验@y国外 |
| 690 | @aP429@v5 | |
| 701 | 0 | @a崔艳红@Acui yan hong@4著 |
| 801 | 2 | @aCN@bBJSDL@c20211018 |
| 905 | @b1350622-5@dP429@e184@f4 | |
| 国外气候灾害治理对中国生态文明建设的启示=The enlightenment of foreign climate disaster management to China's ecological civilization construction/崔艳红著.-北京:中国社会科学出版社,2021.2 |
| 233页:图;24cm |
| 并列题名:Enlightenment of foreign climate disaster management to China's ecological civilization construction |
| ISBN 978-7-5203-7409-5:CNY89.00 |
| 本书从气候灾害治理和气候变化应对两方面来阐释国外治理气候灾害的经验对我国生态文明建设的启示。一方面纵览20世纪西方发达国家应对气候灾害理论和实践的发展历程,包括美国应对沙尘暴、英国(伦敦)和美国(洛杉矶)治理城市雾霾、新加坡应对城市内涝以及美国等国应对台风等,以期借鉴其正反两方面的经验和教训;同时分析了国外应对气候灾害的最新理念和措施,如城市雨洪管理、巨灾债券、能源立法、碳交易市场等。另一方面,从国际合作和国家治理两个层面研究国外气候变化治理的发展历程以及新动态和新举措,国际合作层面主要包括国际气候治理中联合国主导的历次气候大会情况、《京都议定书》和《巴黎协定》的影响以及各。各国家、各个利益集团之间的博弈;国家治理层面主要研究德国、美国等在气候变化治理和节能减排方面的有效措施。此书通过深入分析发达国家在气候灾害应对和气候变化治理方面的有益经验,包括其法律建设、政策措施和发展动态,以期推动我国气候灾害应对的发展与完善,有利于推动中国生态文明建设的不断发展。 |
| ● |
| 相关链接 |
|
|
|
|
正题名:国外气候灾害治理对中国生态文明建设的启示
索取号:P429/184
 
预约/预借
| 序号 | 登录号 | 条形码 | 馆藏地/架位号 | 状态 | 备注 |
| 1 | 1350622 | 213506222 | 第二样本阅览室/ [索取号:P429/184] | 在馆 | |
| 2 | 1350623 | 213506231 | 第三借阅区/ [索取号:P429/184] | 在馆 | |
| 3 | 1350624 | 213506240 | 第三借阅区/ [索取号:P429/184] | 在馆 | |
| 4 | 1350625 | 213506259 | 第三借阅区/ [索取号:P429/184] | 在馆 |